<?xml version="1.0" encoding="UTF-8"?>
<record
    xmlns:xsi="http://www.w3.org/2001/XMLSchema-instance"
    xsi:schemaLocation="http://www.loc.gov/MARC21/slim http://www.loc.gov/standards/marcxml/schema/MARC21slim.xsd"
    xmlns="http://www.loc.gov/MARC21/slim">

  <leader>014830000a22003490004500</leader>
  <controlfield tag="003">EG-GICUC</controlfield>
  <controlfield tag="005">20250223030553.0</controlfield>
  <controlfield tag="008">070106s2003    ua     f m    000 0 eng d</controlfield>
  <datafield tag="040" ind1=" " ind2=" ">
    <subfield code="a">EG-GICUC</subfield>
    <subfield code="b">eng</subfield>
    <subfield code="c">EG-GICUC</subfield>
  </datafield>
  <datafield tag="041" ind1="0" ind2=" ">
    <subfield code="a">Eng</subfield>
  </datafield>
  <datafield tag="049" ind1=" " ind2=" ">
    <subfield code="a">Deposite</subfield>
  </datafield>
  <datafield tag="097" ind1=" " ind2=" ">
    <subfield code="a">M.A</subfield>
  </datafield>
  <datafield tag="099" ind1=" " ind2=" ">
    <subfield code="a">Cai01.02.12.M.A.2003.Ha.F</subfield>
  </datafield>
  <datafield tag="100" ind1="0" ind2=" ">
    <subfield code="a">Hatem Abd El Razk Zaharan</subfield>
  </datafield>
  <datafield tag="245" ind1="1" ind2="0">
    <subfield code="a">Family relationships in A doll's house , the Family Reunion and death of a salesman / </subfield>
    <subfield code="c">Hatem Abd El Razk Zaharan ; Supervised Ibrahim Mohamed Maghraby , Eman Gad Kandeel</subfield>
  </datafield>
  <datafield tag="246" ind1="1" ind2="5">
    <subfield code="a">&#x62F;&#x631;&#x627;&#x633;&#x629; &#x645;&#x648;&#x636;&#x648;&#x639;&#x64A;&#x629; &#x644;&#x645;&#x648;&#x636;&#x648;&#x639; &#x627;&#x644;&#x639;&#x644;&#x627;&#x642;&#x627;&#x62A; &#x627;&#x644;&#x627;&#x633;&#x631;&#x64A;&#x629; &#x639;&#x646;&#x62F; &#x627;&#x628;&#x633;&#x646; &#x648;&#x627;&#x644;&#x64A;&#x648;&#x62A; &#x648;&#x645;&#x64A;&#x644;&#x631; &#x628;&#x627;&#x644;&#x627;&#x634;&#x627;&#x631;&#x629; &#x627;&#x644;&#x649; &#x645;&#x633;&#x631;&#x62D;&#x64A;&#x629; (&#x628;&#x64A;&#x62A; &#x627;&#x644;&#x62F;&#x645;&#x64A;&#x629;) &#x644;&#x625;&#x628;&#x633;&#x646; : (&#x639;&#x648;&#x62F;&#x629; &#x627;&#x644;&#x62A;&#x644;&#x627;&#x641; &#x627;&#x644;&#x639;&#x627;&#x626;&#x644;&#x629;) &#x644;&#x625;&#x644;&#x64A;&#x648;&#x62A; &#x648; (&#x648;&#x641;&#x627;&#x629; &#x628;&#x627;&#x626;&#x639; &#x62C;&#x648;&#x627;&#x644;) &#x644;&#x645;&#x64A;&#x644;&#x631;</subfield>
  </datafield>
  <datafield tag="260" ind1=" " ind2=" ">
    <subfield code="a">Cairo : </subfield>
    <subfield code="b">Hatem Abd El Razk Zaharan , </subfield>
    <subfield code="c">2003</subfield>
  </datafield>
  <datafield tag="300" ind1=" " ind2=" ">
    <subfield code="a">105P ; </subfield>
    <subfield code="c">25cm</subfield>
  </datafield>
  <datafield tag="502" ind1=" " ind2=" ">
    <subfield code="a">Thesis (M.A.) - Cairo University - Beni Suef Branch - Faculty Of Arts - Department Of English</subfield>
  </datafield>
  <datafield tag="530" ind1=" " ind2=" ">
    <subfield code="a">Issued also as CD</subfield>
  </datafield>
  <datafield tag="653" ind1=" " ind2="4">
    <subfield code="a">Doll's by Ibsen</subfield>
  </datafield>
  <datafield tag="653" ind1=" " ind2="4">
    <subfield code="a">Family relationships</subfield>
  </datafield>
  <datafield tag="653" ind1=" " ind2="4">
    <subfield code="a">Family reunion Eliot</subfield>
  </datafield>
  <datafield tag="653" ind1=" " ind2="4">
    <subfield code="a">Ibsen , Eliot , and Miller</subfield>
  </datafield>
  <datafield tag="653" ind1=" " ind2="4">
    <subfield code="a">Salesman Miller</subfield>
  </datafield>
  <datafield tag="700" ind1="0" ind2=" ">
    <subfield code="a">Eman Gad Kandeel , </subfield>
    <subfield code="e">Supervisor</subfield>
  </datafield>
  <datafield tag="700" ind1="0" ind2=" ">
    <subfield code="a">Ibrahim Mohamed Maghraby , </subfield>
    <subfield code="e">Supervisor</subfield>
  </datafield>
  <datafield tag="856" ind1=" " ind2=" ">
    <subfield code="u">http://172.23.153.220/th.pdf</subfield>
  </datafield>
  <datafield tag="905" ind1=" " ind2=" ">
    <subfield code="a">Mustafa</subfield>
    <subfield code="e">Revisor</subfield>
  </datafield>
  <datafield tag="905" ind1=" " ind2=" ">
    <subfield code="a">Samia</subfield>
    <subfield code="e">Cataloger</subfield>
  </datafield>
  <datafield tag="942" ind1=" " ind2=" ">
    <subfield code="2">ddc</subfield>
    <subfield code="c">TH</subfield>
  </datafield>
  <datafield tag="999" ind1=" " ind2=" ">
    <subfield code="c">37489</subfield>
    <subfield code="d">37489</subfield>
  </datafield>
  <datafield tag="952" ind1=" " ind2=" ">
    <subfield code="2">ddc</subfield>
    <subfield code="7">0</subfield>
    <subfield code="a">CUCL</subfield>
    <subfield code="b">cl210</subfield>
    <subfield code="d">2024-02-11</subfield>
    <subfield code="o">Cai01.02.12.M.A.2003.Ha.F</subfield>
    <subfield code="p">01010110042171000</subfield>
    <subfield code="r">2023-09-22 00:00:00</subfield>
    <subfield code="y">TH</subfield>
  </datafield>
  <datafield tag="952" ind1=" " ind2=" ">
    <subfield code="2">ddc</subfield>
    <subfield code="7">0</subfield>
    <subfield code="a">CUCL</subfield>
    <subfield code="b">cl2u8</subfield>
    <subfield code="d">2024-02-11</subfield>
    <subfield code="o">Cai01.02.12.M.A.2003.Ha.F</subfield>
    <subfield code="p">01020110042171000</subfield>
    <subfield code="r">2023-09-22 00:00:00</subfield>
    <subfield code="y">CD</subfield>
  </datafield>
</record>
